[Event "Gibraltar ChallWk1 12th"]
[Site "Gibraltar"]
[Date "2014.01.31"]
[Round "5.2"]
[White "Perez Garcia, Alejandro"]
[Black "Kvisla, Johannes Luangtep"]
[Result "0-1"]
[WhiteElo "2070"]
[BlackElo "2154"]
[PlyCount "112"]
[EventDate "2014.01.27"]
[EventType "swiss"]
[EventRounds "5"]
[EventCountry "GGB"]
[SourceTitle "BritBase"]
[Source "www.saund.co.uk"]
[SourceDate "2018.02.10"]
[SourceVersion "1"]
[SourceVersionDate "2018.02.10"]
[SourceQuality "1"]

1. Nf3 f5 2. b3 Nf6 3. g3 e6 4. Bg2 d5 5. d4 c6 6. Bb2 Bd6 7. Nbd2 O-O 8. O-O
a5 9. a4 Qe7 10. Ne5 b6 11. c4 Bb7 12. Rc1 Na6 13. e3 Bxe5 14. dxe5 Nd7 15. f4
Nb4 16. Ba3 Rfd8 17. Bxb4 axb4 18. cxd5 exd5 19. g4 fxg4 20. Qxg4 Nc5 21. f5
Qxe5 22. f6 g6 23. f7+ Kg7 24. Kh1 Ba6 25. Nf3 Qe4 26. Qg3 Bxf1 27. Rxf1 Qxe3
28. Qc7 Rf8 29. Ne5 Ne4 30. Ng4 Qg5 31. Bxe4 dxe4 32. Qxc6 Rac8 33. Qxe4 Qc5
34. Qf4 Qd5+ 35. Kg1 Rxf7 36. Qh6+ Kh8 37. Rxf7 Qxf7 38. Qd2 Qg7 39. Qxb4 Qa1+
40. Kg2 Qb2+ 41. Nf2 Qf6 42. Qe4 Qc6 43. Qxc6 Rxc6 44. Ne4 Rc2+ 45. Kg1 Rb2 46.
h4 Rxb3 47. h5 gxh5 48. Kg2 Rb4 49. Nc3 Rb2+ 50. Kf1 h4 51. Kg1 h3 52. Nd5 Kg7
53. Kh1 Kh6 54. Nf4 Kg5 55. Nd3 Ra2 56. Ne5 Kf4 0-1

[Event "Gibraltar ChallWk1 12th"]
[Site "Gibraltar"]
[Date "2014.01.31"]
[Round "5.3"]
[White "Martinez Reyes, Pedro Ramon"]
[Black "Gajic, Mladen"]
[Result "1-0"]
[WhiteElo "2246"]
[BlackElo "2246"]
[PlyCount "121"]
[EventDate "2014.01.27"]
[EventType "swiss"]
[EventRounds "5"]
[EventCountry "GGB"]
[SourceTitle "BritBase"]
[Source "www.saund.co.uk"]
[SourceDate "2018.02.10"]
[SourceVersion "1"]
[SourceVersionDate "2018.02.10"]
[SourceQuality "1"]

1. c4 g6 2. Nc3 Bg7 3. g3 e5 4. Nf3 Nc6 5. Bg2 Nge7 6. O-O O-O 7. d3 d6 8. Rb1
a5 9. a3 h6 10. b4 axb4 11. axb4 Be6 12. b5 Nb8 13. Nd2 c6 14. Qb3 Qd7 15. Ba3
c5 16. Ra1 Qc7 17. Ra2 Nd7 18. Rfa1 Nb6 19. Nf1 f5 20. Bb2 Rab8 21. Na4 Nd7 22.
Nc3 Nb6 23. Ra7 Nec8 24. R7a3 Ne7 25. R1a2 g5 26. Ne3 f4 27. Ned5 Nexd5 28.
cxd5 Bg4 29. Be4 h5 30. f3 Bh3 31. Nd1 Bd7 32. Bc3 Bf6 33. Ba5 Bd8 34. Nb2 Qc8
35. Bxb6 Bxb6 36. Nc4 Qd8 37. Kf2 fxg3+ 38. hxg3 h4 39. Ra1 hxg3+ 40. Kxg3 g4
41. Rh1 Qg5 42. Kf2 Bd8 43. Raa1 g3+ 44. Kg2 Be7 45. Rh7 Rf7 46. Rah1 Rxh7 47.
Rxh7 Ra8 48. Qb1 Be8 49. Rh3 Kf8 50. Rh8+ Kg7 51. Qh1 Ra2 52. Qh7+ Kf6 53. Qh6+
Qxh6 54. Rxh6+ Kg5 55. Re6 Kf4 56. Rxe7 Rxe2+ 57. Kf1 Rf2+ 58. Kg1 Bxb5 59.
Rf7+ Kg5 60. Rg7+ Kh4 61. Ne3 1-0

[Event "Gibraltar ChallWk1 12th"]
[Site "Gibraltar"]
[Date "2014.01.31"]
[Round "5.4"]
[White "Nicolas Zapata, Irene"]
[Black "Rodriguez Alvarez, Vidal"]
[Result "1-0"]
[WhiteElo "2249"]
[BlackElo "2166"]
[PlyCount "127"]
[EventDate "2014.01.27"]
[EventType "swiss"]
[EventRounds "5"]
[EventCountry "GGB"]
[SourceTitle "BritBase"]
[Source "www.saund.co.uk"]
[SourceDate "2018.02.10"]
[SourceVersion "1"]
[SourceVersionDate "2018.02.10"]
[SourceQuality "1"]

1. d4 Nf6 2. Nf3 d5 3. c4 e6 4. e3 c5 5. cxd5 Nxd5 6. e4 Nf6 7. Nc3 cxd4 8.
Nxd4 Be7 9. Bc4 Qc7 10. Bb3 a6 11. Be3 Nc6 12. Rc1 Bd7 13. O-O Rc8 14. f4 Nxd4
15. Bxd4 Bc6 16. f5 e5 17. Bf2 Qb8 18. Qf3 O-O 19. g4 h6 20. h4 Nh7 21. Qg3
Rfd8 22. Bd5 Bxd5 23. Nxd5 Bf6 24. Be3 Rxc1 25. Bxc1 Qd6 26. g5 hxg5 27. hxg5
Be7 28. g6 Nf6 29. gxf7+ Kxf7 30. Nxf6 Bxf6 31. Be3 Qd3 32. Qf3 Kg8 33. Bb6
Qxf3 34. Rxf3 Rd7 35. Rb3 Kf7 36. Kf1 g6 37. fxg6+ Kxg6 38. Ke2 Bg5 39. Rd3
Rxd3 40. Kxd3 Kf7 41. Kc4 Ke6 42. Bc7 Be3 43. Ba5 b5+ 44. Kd3 Bd4 45. b3 Kd6
46. Bb4+ Kc6 47. Ke2 Kd7 48. Kf3 Ke6 49. Kg4 Kf6 50. Kh5 Be3 51. Ba5 Bf4 52.
Bd8+ Kf7 53. Bg5 Bh2 54. Be3 Kf6 55. Kg4 Ke6 56. b4 Kf6 57. Kh3 Bf4 58. Bxf4
exf4 59. Kg4 Ke5 60. Kf3 Kd4 61. Kxf4 Kc4 62. e5 Kxb4 63. e6 Ka3 64. e7 1-0

[Event "Gibraltar ChallWk1 12th"]
[Site "Gibraltar"]
[Date "2014.01.31"]
[Round "5.5"]
[White "Urbina Perez, Juan Antonio"]
[Black "Congiu, Mathilde"]
[Result "0-1"]
[WhiteElo "2183"]
[BlackElo "2226"]
[PlyCount "108"]
[EventDate "2014.01.27"]
[EventType "swiss"]
[EventRounds "5"]
[EventCountry "GGB"]
[SourceTitle "BritBase"]
[Source "www.saund.co.uk"]
[SourceDate "2018.02.10"]
[SourceVersion "1"]
[SourceVersionDate "2018.02.10"]
[SourceQuality "1"]

1. e4 c5 2. Nf3 d6 3. d4 cxd4 4. Nxd4 Nf6 5. Nc3 a6 6. Be3 e5 7. Nb3 Be6 8. Qd2
Nbd7 9. f4 b5 10. f5 Bc4 11. O-O-O h5 12. h3 Qc7 13. Kb1 h4 14. Be2 Rb8 15. Nd5
Nxd5 16. exd5 Nf6 17. Bf3 b4 18. Rhe1 a5 19. Bg5 Be7 20. Bxf6 Bxf6 21. Nd4 O-O
22. Nc6 a4 23. Re4 b3 24. cxb3 Bb5 25. Nxb8 Rxb8 26. bxa4 Bd7 27. Bg4 Qa7 28.
Qe3 Qb7 29. b3 Rc8 30. Qd3 Qb6 31. Rc1 Rxc1+ 32. Kxc1 Qg1+ 33. Kb2 Qxg2+ 34.
Qc2 Qf1 35. Qe2 Qg1 36. a5 Bg5 37. Qc2 Bb5 38. b4 Be3 39. Rxe3 Qxe3 40. a4 Bd3
41. Qc3 Qe4 42. f6 gxf6 43. Ka3 Qxd5 44. b5 f5 45. a6 fxg4 46. a7 Be4 47. Qc8+
Kh7 48. Qxg4 Qc5+ 49. Kb3 Bd5+ 50. Kb2 Qf2+ 51. Kc1 Qe3+ 52. Kb2 Qd2+ 53. Kb1
Qe1+ 54. Kc2 Be4+ 0-1

[Event "Gibraltar ChallWk1 12th"]
[Site "Gibraltar"]
[Date "2014.01.31"]
[Round "5.6"]
[White "Galmandakh, Badrakh"]
[Black "Faika, Michael"]
[Result "1-0"]
[WhiteElo "2225"]
[BlackElo "2147"]
[PlyCount "99"]
[EventDate "2014.01.27"]
[EventType "swiss"]
[EventRounds "5"]
[EventCountry "GGB"]
[SourceTitle "BritBase"]
[Source "www.saund.co.uk"]
[SourceDate "2018.02.10"]
[SourceVersion "1"]
[SourceVersionDate "2018.02.10"]
[SourceQuality "1"]

1. c4 e5 2. g3 Nc6 3. Bg2 Bc5 4. Nc3 f5 5. Na4 Be7 6. d3 Bf6 7. f4 d6 8. Nf3
Nge7 9. O-O Ng6 10. Nc3 exf4 11. gxf4 O-O 12. Nd5 Nh4 13. Nxf6+ Qxf6 14. Nxh4
Qxh4 15. Bd2 Rf6 16. Qe1 Qh5 17. Bc3 Rg6 18. Kh1 Bd7 19. Rg1 Ne7 20. Bxb7 Re8
21. Bf3 Qh6 22. e3 Bc6 23. Qf2 Qh3 24. Bxc6 Nxc6 25. Rxg6 hxg6 26. Re1 Ne7 27.
Qg2 Qh5 28. b4 Kf7 29. b5 Rh8 30. a4 Ng8 31. a5 Nh6 32. Kg1 Ng4 33. h3 Qxh3 34.
Qxh3 Rxh3 35. Bd4 Rh2 36. a6 Rd2 37. Rf1 Rxd3 38. Bxa7 Nxe3 39. Ra1 Nc2 40. Ra4
Rd1+ 41. Kf2 Rd2+ 42. Kf1 Rh2 43. Bb8 Ne3+ 44. Kg1 Rg2+ 45. Kh1 Rf2 46. a7 Rf1+
47. Kh2 Ng4+ 48. Kg3 g5 49. fxg5 Ne3 50. c5 1-0

[Event "Gibraltar ChallWk1 12th"]
[Site "Gibraltar"]
[Date "2014.01.31"]
[Round "5.7"]
[White "Scharrer, Patrick"]
[Black "Burrows, Martin P"]
[Result "0-1"]
[WhiteElo "2220"]
[BlackElo "2126"]
[PlyCount "108"]
[EventDate "2014.01.27"]
[EventType "swiss"]
[EventRounds "5"]
[EventCountry "GGB"]
[SourceTitle "BritBase"]
[Source "www.saund.co.uk"]
[SourceDate "2018.02.10"]
[SourceVersion "1"]
[SourceVersionDate "2018.02.10"]
[SourceQuality "1"]

1. e4 c5 2. Nf3 d6 3. d4 cxd4 4. Nxd4 Nf6 5. Nc3 a6 6. h3 e5 7. Nde2 h5 8. g3
b5 9. Bg5 Bb7 10. Nd5 Bxd5 11. exd5 Nbd7 12. Bg2 Be7 13. O-O Rc8 14. Be3 Nb6
15. b3 O-O 16. c3 Nfd7 17. g4 h4 18. Qd2 g6 19. Kh1 Nc5 20. f4 exf4 21. Bxf4
Ncd7 22. Nd4 Ne5 23. Bh6 Re8 24. Qf2 Bf8 25. Bxf8 Rxf8 26. Nc6 Nxc6 27. dxc6 d5
28. Qf6 Qc7 29. Qxh4 Qxc6 30. Rac1 Qc5 31. Qf6 Rc6 32. Qe5 Rfc8 33. Qf4 Qf8 34.
Qd4 Qg7 35. Rcd1 Qxd4 36. Rxd4 Rxc3 37. Rf6 Rc1+ 38. Kh2 R1c6 39. Rdf4 R8c7 40.
g5 a5 41. h4 a4 42. bxa4 bxa4 43. a3 Kf8 44. Rb4 Rxf6 45. gxf6 Rc6 46. Bxd5
Rxf6 47. Be4 Ke7 48. Kg3 Re6 49. Kf3 f5 50. Bc2 Rc6 51. Bxa4 Rc3+ 52. Kg2 Nc4
53. Rb7+ Kf6 54. Rc7 Ne3+ 0-1

[Event "Gibraltar ChallWk1 12th"]
[Site "Gibraltar"]
[Date "2014.01.31"]
[Round "5.8"]
[White "Amgalanbaatar, Ravdanlkhumbuu"]
[Black "Sanchez Castillo, Sarai"]
[Result "1-0"]
[WhiteElo "2137"]
[BlackElo "2219"]
[PlyCount "95"]
[EventDate "2014.01.27"]
[EventType "swiss"]
[EventRounds "5"]
[EventCountry "GGB"]
[SourceTitle "BritBase"]
[Source "www.saund.co.uk"]
[SourceDate "2018.02.10"]
[SourceVersion "1"]
[SourceVersionDate "2018.02.10"]
[SourceQuality "1"]

1. e4 e6 2. d4 d5 3. e5 c5 4. c3 Nc6 5. Nf3 Bd7 6. Be2 f6 7. O-O fxe5 8. Nxe5
Nxe5 9. dxe5 Qc7 10. c4 Qxe5 11. cxd5 O-O-O 12. Bf3 exd5 13. Qxd5 Qxd5 14. Bxd5
Nf6 15. Bf3 Bg4 16. Bxg4+ Nxg4 17. Bf4 Rd4 18. g3 Rg8 19. h3 g5 20. Bd2 Ne5 21.
Be3 Rd7 22. Na3 Nd3 23. b3 Be7 24. Nc2 h5 25. Ne1 Nb4 26. Ng2 Rgd8 27. Rfc1 b6
28. a3 Nd3 29. Rc2 Ne5 30. Ne1 Kb7 31. Kf1 Bf6 32. Rb1 g4 33. h4 Nf3 34. Kg2
Nxe1+ 35. Rxe1 Rd1 36. Rxd1 Rxd1 37. b4 cxb4 38. axb4 Be7 39. Rb2 b5 40. f3 a6
41. fxg4 hxg4 42. h5 Kc6 43. h6 Rd5 44. Rc2+ Kb7 45. Bf4 Rd7 46. Be5 Bxb4 47.
Bg7 Rd8 48. h7 1-0

[Event "Gibraltar ChallWk1 12th"]
[Site "Gibraltar"]
[Date "2014.01.31"]
[Round "5.9"]
[White "Lercel, Michal"]
[Black "Mihajlov, Sebastian"]
[Result "1-0"]
[WhiteElo "2150"]
[BlackElo "2185"]
[PlyCount "75"]
[EventDate "2014.01.27"]
[EventType "swiss"]
[EventRounds "5"]
[EventCountry "GGB"]
[SourceTitle "BritBase"]
[Source "www.saund.co.uk"]
[SourceDate "2018.02.10"]
[SourceVersion "1"]
[SourceVersionDate "2018.02.10"]
[SourceQuality "1"]

1. e4 e5 2. Nf3 Nc6 3. Bb5 a6 4. Ba4 Nf6 5. O-O b5 6. Bb3 Bb7 7. d3 Be7 8. Re1
O-O 9. Nbd2 d6 10. c3 Na5 11. Bc2 c5 12. Nf1 Nc6 13. Ng3 Bc8 14. h3 Re8 15. d4
Bf8 16. a4 Rb8 17. axb5 axb5 18. Bg5 h6 19. Be3 exd4 20. cxd4 Nb4 21. Bb1 Bb7
22. d5 Ra8 23. Rxa8 Qxa8 24. Qd2 Bc8 25. Nh4 Kh8 26. f3 Nd7 27. Nhf5 Ne5 28.
Nxh6 Qb7 29. f4 Nc4 30. Qc3 Nxe3 31. Rxe3 Qe7 32. Ngf5 Qf6 33. Qxf6 gxf6 34.
Nxf7+ Kg8 35. N7xd6 Rd8 36. Rg3+ Kh7 37. e5 c4 38. Be4 1-0

[Event "Gibraltar ChallWk1 12th"]
[Site "Gibraltar"]
[Date "2014.01.31"]
[Round "5.10"]
[White "Jacobsen, Fredrik Beer"]
[Black "Gandrud, Vegar Koi"]
[Result "1/2-1/2"]
[WhiteElo "1991"]
[BlackElo "2242"]
[PlyCount "65"]
[EventDate "2014.01.27"]
[EventType "swiss"]
[EventRounds "5"]
[EventCountry "GGB"]
[SourceTitle "BritBase"]
[Source "www.saund.co.uk"]
[SourceDate "2018.02.10"]
[SourceVersion "1"]
[SourceVersionDate "2018.02.10"]
[SourceQuality "1"]

1. e4 c5 2. Nc3 Nc6 3. g3 g6 4. Bg2 Bg7 5. d3 d6 6. Be3 Rb8 7. Qd2 b5 8. Nge2
b4 9. Nd1 Nd4 10. O-O e6 11. Nc1 Ne7 12. c3 bxc3 13. bxc3 Ndc6 14. Bh6 O-O 15.
Bxg7 Kxg7 16. Ne3 Ba6 17. f4 f5 18. Rd1 Qb6 19. Nb3 Na5 20. Rab1 Qc7 21. Nxa5
Qxa5 22. Kh1 Rb6 23. d4 Rfb8 24. Rxb6 Rxb6 25. h3 Qa3 26. dxc5 Qxc5 27. exf5
Nxf5 28. Nxf5+ Qxf5 29. Qd4+ Qf6 30. Qe3 Qf5 31. Qd4+ Qf6 32. Qe3 Qf5 33. Qd4+
1/2-1/2

[Event "Gibraltar ChallWk1 12th"]
[Site "Gibraltar"]
[Date "2014.01.31"]
[Round "5.11"]
[White "Byron, Alan M"]
[Black "Kozarcanin, Sead"]
[Result "1-0"]
[WhiteElo "2147"]
[BlackElo "2073"]
[PlyCount "99"]
[EventDate "2014.01.27"]
[EventType "swiss"]
[EventRounds "5"]
[EventCountry "GGB"]
[SourceTitle "BritBase"]
[Source "www.saund.co.uk"]
[SourceDate "2018.02.10"]
[SourceVersion "1"]
[SourceVersionDate "2018.02.10"]
[SourceQuality "1"]

1. e4 e5 2. Nf3 Nc6 3. Bb5 a6 4. Ba4 d6 5. c3 Bd7 6. O-O g6 7. d4 Bg7 8. Re1 b5
9. Bb3 Na5 10. Bc2 c5 11. d5 Nf6 12. Nbd2 O-O 13. b3 c4 14. b4 Nb7 15. a4 Bg4
16. h3 Bxf3 17. Qxf3 Nh5 18. g3 Bh6 19. Nf1 Bxc1 20. Rexc1 Qd7 21. Kh2 Rfb8 22.
axb5 axb5 23. Qe3 Nd8 24. Ra5 Rxa5 25. bxa5 Qc7 26. a6 Ra8 27. Rb1 Qa5 28. Qc1
Qxa6 29. Ne3 Rc8 30. Ng4 f6 31. Bd1 Nf7 32. Ne3 Ng7 33. Bg4 Rc7 34. h4 h5 35.
Bh3 g5 36. Be6 Kf8 37. Qb2 Nd8 38. Bf5 Nxf5 39. Nxf5 Rb7 40. Qe2 g4 41. Qb2 Qb6
42. Kg2 Kf7 43. Qd2 Kg6 44. Qh6+ Kf7 45. Qxh5+ Kf8 46. Qh8+ Kf7 47. Qg7+ Ke8
48. Qxf6 Nf7 49. Ra1 Qd8 50. Ng7+ 1-0

[Event "Gibraltar ChallWk1 12th"]
[Site "Gibraltar"]
[Date "2014.01.31"]
[Round "5.12"]
[White "Nicolas Zapata, Javier"]
[Black "Pabalan, Rocky"]
[Result "0-1"]
[WhiteElo "2123"]
[BlackElo "2103"]
[PlyCount "66"]
[EventDate "2014.01.27"]
[EventType "swiss"]
[EventRounds "5"]
[EventCountry "GGB"]
[SourceTitle "BritBase"]
[Source "www.saund.co.uk"]
[SourceDate "2018.02.10"]
[SourceVersion "1"]
[SourceVersionDate "2018.02.10"]
[SourceQuality "1"]

1. e4 c5 2. d4 g6 3. d5 Bg7 4. Nc3 d6 5. Nf3 Nh6 6. h3 O-O 7. Bd3 e5 8. O-O Kh8
9. a4 Na6 10. Ne1 f5 11. f4 exf4 12. Bxf4 g5 13. Bd2 g4 14. exf5 Nxf5 15. Qxg4
Bd4+ 16. Kh2 Be5+ 17. Bf4 Ng7 18. Bxe5 Bxg4 19. Bxg7+ Kxg7 20. Rxf8 Qxf8 21.
hxg4 Qf4+ 22. Kg1 c4 23. Be2 Nb4 24. Nf3 Nxc2 25. Rf1 Ne3 26. Rf2 Nxg4 27. Rf1
Rc8 28. Nd1 Re8 29. Re1 Qg3 30. Kf1 Re3 31. Nd4 Nh2+ 32. Kg1 Qxe1+ 33. Kxh2
Qh4+ 0-1

[Event "Gibraltar ChallWk1 12th"]
[Site "Gibraltar"]
[Date "2014.01.31"]
[Round "5.12"]
[White "Rowe, Duane"]
[Black "Suez-Panama, Gilles"]
[Result "1-0"]
[WhiteElo "2218"]
[BlackElo "2071"]
[PlyCount "51"]
[EventDate "2014.01.27"]
[EventType "swiss"]
[EventRounds "5"]
[EventCountry "GGB"]
[SourceTitle "BritBase"]
[Source "www.saund.co.uk"]
[SourceDate "2018.02.10"]
[SourceVersion "1"]
[SourceVersionDate "2018.02.10"]
[SourceQuality "1"]

1. Nf3 d5 2. c4 c6 3. b3 e6 4. e3 Nf6 5. Bb2 Nbd7 6. Qc2 a5 7. Nc3 b6 8. Be2
Bb7 9. Rg1 Nc5 10. g4 Nfe4 11. d3 Ng5 12. d4 Na6 13. Nd2 Nb4 14. Qb1 c5 15.
dxc5 bxc5 16. cxd5 Ba6 17. f4 Nh3 18. Rg3 Bxe2 19. Kxe2 Nxf4+ 20. exf4 Qh4 21.
Nf3 Qf6 22. Nb5 Qd8 23. dxe6 f6 24. Qe4 Rb8 25. Rh3 Nd5 26. Qxd5 1-0

[Event "Gibraltar ChallWk1 12th"]
[Site "Gibraltar"]
[Date "2014.01.31"]
[Round "5.13"]
[White "Zvarik, Martin"]
[Black "Schouten, Freek"]
[Result "1/2-1/2"]
[WhiteElo "2216"]
[BlackElo "2069"]
[PlyCount "118"]
[EventDate "2014.01.27"]
[EventType "swiss"]
[EventRounds "5"]
[EventCountry "GGB"]
[SourceTitle "BritBase"]
[Source "www.saund.co.uk"]
[SourceDate "2018.02.10"]
[SourceVersion "1"]
[SourceVersionDate "2018.02.10"]
[SourceQuality "1"]

1. e4 d6 2. d4 Nf6 3. Nc3 e5 4. Nf3 Nbd7 5. Be2 Be7 6. O-O c6 7. a4 h6 8. b3
Qc7 9. Bb2 Nf8 10. Nh4 Ne6 11. dxe5 dxe5 12. Nf5 Bc5 13. Bc4 O-O 14. Bxe6 Bxe6
15. Qf3 Bxf5 16. Qxf5 Bd4 17. Rad1 Qc8 18. Rd3 Qxf5 19. exf5 Rfe8 20. Bc1 Rad8
21. Ne2 Bb6 22. Rxd8 Rxd8 23. g3 Nd5 24. Rd1 Nb4 25. Rxd8+ Bxd8 26. c3 Nd3 27.
Be3 Bb6 28. Nc1 Nxc1 29. Bxc1 h5 30. Kf1 f6 31. Ke2 Kf7 32. Be3 Bxe3 33. Kxe3
Ke7 34. f3 b6 35. g4 hxg4 36. fxg4 Kf7 37. h4 Kg8 38. g5 Kf7 39. g6+ Ke7 40. h5
Kf8 41. Kd3 Ke7 42. Kc4 Kf8 43. b4 Ke7 44. Kd3 Kf8 45. Kc2 Ke7 46. Kb2 Kf8 47.
Kb3 Ke7 48. c4 Kf8 49. b5 cxb5 50. cxb5 Ke7 51. Kc4 Kf8 52. Kb4 Ke7 53. a5 Kf8
54. a6 Ke7 55. Kc4 Kf8 56. Kc3 Ke7 57. Kd3 Kf8 58. Ke4 Ke7 59. Kd5 Kf8 1/2-1/2

[Event "Gibraltar ChallWk1 12th"]
[Site "Gibraltar"]
[Date "2014.01.31"]
[Round "5.14"]
[White "Isherwood, Paul"]
[Black "Nikolaidis, Konstantinos"]
[Result "0-1"]
[WhiteElo "2020"]
[BlackElo "2185"]
[PlyCount "68"]
[EventDate "2014.01.27"]
[EventType "swiss"]
[EventRounds "5"]
[EventCountry "GGB"]
[SourceTitle "BritBase"]
[Source "www.saund.co.uk"]
[SourceDate "2018.02.10"]
[SourceVersion "1"]
[SourceVersionDate "2018.02.10"]
[SourceQuality "1"]

1. e4 c6 2. d4 d5 3. exd5 cxd5 4. c4 Nf6 5. Nc3 e6 6. a3 Be7 7. Nf3 O-O 8. Bd3
b6 9. cxd5 exd5 10. Ne5 Bb7 11. O-O Nc6 12. Bc2 a6 13. Re1 Re8 14. Qd3 b5 15.
Ng4 g6 16. Ne5 Rc8 17. Nxc6 Bxc6 18. Bg5 Ne4 19. Bxe7 Rxe7 20. Qf3 Nd2 21. Qd3
Nc4 22. Reb1 Qd6 23. Qg3 Qf6 24. Qd3 Rce8 25. g3 Qd6 26. Kg2 h5 27. h4 Ne3+ 28.
Kg1 Nf5 29. Qd2 Nxg3 30. fxg3 Qxg3+ 31. Qg2 Qxh4 32. Rf1 Qxd4+ 33. Rf2 Re1+ 34.
Rxe1 Rxe1+ 0-1

[Event "Gibraltar ChallWk1 12th"]
[Site "Gibraltar"]
[Date "2014.01.31"]
[Round "5.16"]
[White "Severijnen, Arjon"]
[Black "Verneuil, Pascal"]
[Result "1-0"]
[WhiteElo "2147"]
[BlackElo "2065"]
[PlyCount "121"]
[EventDate "2014.01.27"]
[EventType "swiss"]
[EventRounds "5"]
[EventCountry "GGB"]
[SourceTitle "BritBase"]
[Source "www.saund.co.uk"]
[SourceDate "2018.02.10"]
[SourceVersion "1"]
[SourceVersionDate "2018.02.10"]
[SourceQuality "1"]

1. e4 c5 2. Nf3 Nc6 3. d4 cxd4 4. Nxd4 e5 5. Nb5 d6 6. c4 a6 7. N5a3 f5 8. exf5
Bxf5 9. Nc3 Nf6 10. Bg5 Be7 11. Bd3 Bxd3 12. Qxd3 O-O 13. Bxf6 Rxf6 14. O-O Nd4
15. Nc2 Ne6 16. g3 Rb8 17. Rad1 Rg6 18. Kh1 Kh8 19. b4 Qc8 20. Nd5 Bf8 21. f4
Rh6 22. f5 Nc7 23. Nb6 Qe8 24. Qe4 Be7 25. Ne3 Rf6 26. a4 Qc6 27. Qxc6 bxc6 28.
Nd7 Rxb4 29. Nxf6 gxf6 30. Rb1 d5 31. Rxb4 Bxb4 32. cxd5 Nxd5 33. Nxd5 cxd5 34.
Rc1 Kg7 35. Kg2 e4 36. Rc7+ Kh6 37. Rd7 e3 38. Kf3 Bd2 39. Rxd5 a5 40. h4 Kg7
41. Rd7+ Kg8 42. Ke2 h5 43. Ra7 Bb4 44. Ra8+ Kg7 45. Kxe3 Be1 46. Kf3 Bc3 47.
Rd8 Bb4 48. Rd3 Kg8 49. Ke4 Kf7 50. Kd5 Kf8 51. Ke6 Kg7 52. Rd7+ Kh6 53. Kxf6
Be1 54. Rd3 Bf2 55. Ke6 Be1 56. f6 Bb4 57. f7 Kg7 58. Rd5 Kh7 59. Rxh5+ Kg7 60.
Rg5+ Kh7 61. Rg8 1-0

[Event "Gibraltar ChallWk1 12th"]
[Site "Gibraltar"]
[Date "2014.01.31"]
[Round "5.17"]
[White "Hamer, Martyn"]
[Black "Vinas Guerrero, Carlos A"]
[Result "1/2-1/2"]
[WhiteElo "2017"]
[BlackElo "2153"]
[PlyCount "22"]
[EventDate "2014.01.27"]
[EventType "swiss"]
[EventRounds "5"]
[EventCountry "GGB"]
[SourceTitle "BritBase"]
[Source "www.saund.co.uk"]
[SourceDate "2018.02.10"]
[SourceVersion "1"]
[SourceVersionDate "2018.02.10"]
[SourceQuality "1"]

1. Nf3 d5 2. d4 c6 3. c4 e6 4. Qc2 dxc4 5. Qxc4 Nf6 6. g3 Be7 7. Bg2 O-O 8. O-O
Qb6 9. Nc3 Qa6 10. Qxa6 Nxa6 11. Bf4 Nb4 1/2-1/2

[Event "Gibraltar ChallWk1 12th"]
[Site "Gibraltar"]
[Date "2014.01.31"]
[Round "5.17"]
[White "Karlsson, Jorgen"]
[Black "Danielsen, Magnus"]
[Result "1-0"]
[WhiteElo "2140"]
[BlackElo "2032"]
[PlyCount "119"]
[EventDate "2014.01.27"]
[EventType "swiss"]
[EventRounds "5"]
[EventCountry "GGB"]
[SourceTitle "BritBase"]
[Source "www.saund.co.uk"]
[SourceDate "2018.02.10"]
[SourceVersion "1"]
[SourceVersionDate "2018.02.10"]
[SourceQuality "1"]

1. Nc3 d5 2. d4 Nf6 3. Bg5 c5 4. e3 e6 5. Bd3 Nc6 6. Nf3 Be7 7. O-O O-O 8. dxc5
Bxc5 9. e4 Be7 10. e5 Nd7 11. Bxe7 Qxe7 12. Re1 a6 13. Qd2 b5 14. a3 Bb7 15.
Qf4 Nc5 16. Bxh7+ Kxh7 17. Ng5+ Kg6 18. h4 f6 19. Nxd5 exd5 20. h5+ Kh6 21. Qf5
Qe8 22. exf6 Qxh5 23. Re3 g6 24. Qf4 Bc8 25. Rg3 Bd7 26. Ne6+ Kh7 27. Nxc5 Qh6
28. Qd6 Bf5 29. Qxc6 Ra7 30. Qxd5 Rxf6 31. Ne4 Bxe4 32. Qxe4 Kg7 33. Rd1 Raf7
34. Qe5 Qf4 35. Qxf4 Rxf4 36. f3 R7f6 37. Rg5 Rc4 38. c3 Re6 39. Rgd5 Rcc6 40.
Kf2 Kf6 41. f4 Rc4 42. R1d4 Rcc6 43. g4 Rc7 44. g5+ Ke7 45. Kf3 Rcc6 46. Rd7+
Ke8 47. Rd8+ Kf7 48. R4d7+ Re7 49. Rd6 Re6 50. R8d7+ Ke8 51. Rxc6 Rxc6 52. Rd5
Kf7 53. Ke4 Ke6 54. Re5+ Kd6 55. Re8 Rc4+ 56. Ke3 Rc6 57. f5 Kd7 58. Rg8 gxf5
59. Rg7+ Ke8 60. Kf4 1-0

[Event "Gibraltar ChallWk1 12th"]
[Site "Gibraltar"]
[Date "2014.01.31"]
[Round "5.20"]
[White "Becking, Franz Josef"]
[Black "Samu, Sorin-Mihai"]
[Result "0-1"]
[WhiteElo "1969"]
[BlackElo "2131"]
[PlyCount "86"]
[EventDate "2014.01.27"]
[EventType "swiss"]
[EventRounds "5"]
[EventCountry "GGB"]
[SourceTitle "BritBase"]
[Source "www.saund.co.uk"]
[SourceDate "2018.02.10"]
[SourceVersion "1"]
[SourceVersionDate "2018.02.10"]
[SourceQuality "1"]

1. d4 d6 2. e4 Nf6 3. Nc3 c6 4. Be2 Nbd7 5. Nf3 e5 6. h3 Be7 7. Be3 O-O 8. O-O
Qc7 9. Re1 Re8 10. Bf1 a6 11. Bg5 h6 12. Bh4 g5 13. Bg3 Bf8 14. Qd2 b5 15. a3
Bg7 16. dxe5 dxe5 17. Rad1 Nh5 18. Bh2 f6 19. Nd4 Nb6 20. Nf5 Bf8 21. Be2 Nf4
22. Bxf4 exf4 23. Bh5 Re5 24. Bg4 Nc4 25. Qc1 Be6 26. h4 Re8 27. Bh5 Bf7 28.
Bxf7+ Qxf7 29. Rd4 Qe6 30. Red1 Rxf5 31. exf5 Qxf5 32. Re1 Ne5 33. Ne4 Kg7 34.
Nd6 Bxd6 35. Rxd6 Qg4 36. Rxe5 Rxe5 37. Qd2 f3 38. Rd7+ Kg6 39. Qd3+ Rf5 40. g3
Qh3 41. Qf1 Qxf1+ 42. Kxf1 gxh4 43. gxh4 Rd5 0-1

[Event "Gibraltar ChallWk1 12th"]
[Site "Gibraltar"]
[Date "2014.01.31"]
[Round "5.21"]
[White "Lochte, Szilvia"]
[Black "Hornell, Colin"]
[Result "0-1"]
[WhiteElo "1951"]
[BlackElo "2085"]
[PlyCount "70"]
[EventDate "2014.01.27"]
[EventType "swiss"]
[EventRounds "5"]
[EventCountry "GGB"]
[SourceTitle "BritBase"]
[Source "www.saund.co.uk"]
[SourceDate "2018.02.10"]
[SourceVersion "1"]
[SourceVersionDate "2018.02.10"]
[SourceQuality "1"]

1. d4 Nf6 2. Nf3 g6 3. Bg5 Bg7 4. Nbd2 O-O 5. e4 d6 6. h3 c6 7. c3 Nbd7 8. Be2
Qc7 9. O-O e5 10. Qc2 Re8 11. Rfe1 Nf8 12. dxe5 dxe5 13. Rad1 Ne6 14. Be3 Nh5
15. g3 Bf8 16. Nc4 f6 17. Kh2 Be7 18. a4 b6 19. b4 Rf8 20. Rd2 Nhg7 21. Red1
Ne8 22. Bh6 Rf7 23. Ne3 Nd6 24. Nc4 Nb7 25. Qb3 Bf8 26. Bxf8 Kxf8 27. Nd6 Nxd6
28. Rxd6 Nd4 29. cxd4 Qxd6 30. dxe5 Qe6 31. Rd8+ Ke7 32. Qxe6+ Kxe6 33. Bc4+
Ke7 34. Rg8 Bb7 35. exf6+ Kxf6 0-1